| 000 | 00977nam0a22002531 4500 | ||
|---|---|---|---|
| 001 | rc\751215 | ||
| 005 | 20040301142341.2 | ||
| 035 | _a(NLR Aleph) 006279766 | ||
| 090 |
_a7037040 _c7037040 |
||
| 100 | _a20040301d1985 u |0rusy50 ca | ||
| 101 | 0 | _arus | |
| 102 | _aRU | ||
| 105 | _ay ||||||||| | ||
| 200 | 1 |
_aЭкономика и организация народного образования _eМежвуз. сб. науч. тр. _fМоск. обл. пед. ин-т им. Н.К. Крупской _g[Редкол.: Б.С. Рябушкин (отв. ред.) и др.] |
|
| 210 |
_aМ. _cМОПИ _d1985 |
||
| 215 |
_a108 с. _d22 |
||
| 320 | _aБиблиогр. в примеч. в конце ст. | ||
| 702 | 1 |
_aРябушкин _bБ. С. _4340 |
|
| 712 | 0 | 2 |
_aМосковский обл. пед. ин-т им. Н.К.Крупской _3RU\NLR\AUTH\889930983 |
| 801 | 0 |
_aRU _bNLR _gpsbo |
|
| 801 | 1 |
_aRU _bELAR _2rusmarc |
|
| 852 |
_aNLR _j85-5/6541 |
||
| 942 | _cBOOK | ||
| 980 | _aNB | ||